00526nam a2200181 a 45000010005000000030009000050080041000140200015000550400028000700820016000981000022001142450071001362600043002073000010002506500035002606500029002956500020003249874CO-ViMGA141112s2004 ck r 000 u spa d a8476691386 aCO-ViMGAbspacCO-ViMGA04a851.91 C15o1 aCalvino ; Italo, 10aOrlando Furioso : bNarrado en prosa del poema de Ludovico Ariosto aBarcelona : bEditores Muchnik, c1984 a179p.14aARIOSTO LUDOVICO - 1474 - 153314aCRITICA E INTERPRETACION14aPOESIA ITALIANA